|
|
|
|
| LEADER |
00000nam a2200000 a 4500 |
| 001 |
vtls008417802 |
| 003 |
SK-MaSNL |
| 005 |
20260301021259.0 |
| 008 |
240318s2005 xo j 000 f slo |
| 015 |
|
|
|a SNBA2006/01-00049
|
| 020 |
|
|
|a 8071402567
|q (brož.)
|
| 035 |
|
|
|a 26096EAE-E509-4DA2-A283-CCDB740CC023
|
| 035 |
|
|
|a urn:nbn:sk:snk-amje37
|
| 035 |
|
|
|a urn:nbn:sk:snk-am0012uv
|
| 040 |
|
|
|a SNK
|b slo
|c SNK
|e AACR2
|
| 041 |
1 |
|
|a slo
|h eng
|
| 044 |
|
|
|a xo
|c SK
|
| 072 |
|
7 |
|a 821.111(73)-3
|x Americká próza
|2 konspekt
|
| 072 |
|
7 |
|a 821-93
|x Literatúra pre deti a mládež
|2 konspekt
|
| 080 |
|
|
|a 821-93
|2 1997
|
| 080 |
|
|
|a (0:82-312.4)
|2 1997
|
| 080 |
|
|
|a 821.111(73)-31
|2 1997
|
| 100 |
1 |
|
|a Moore, Ruth Nulton,
|d 1923-2001
|4 aut
|9 251591
|
| 240 |
1 |
0 |
|a Mystery at the spanish castle
|l Slovensky
|
| 245 |
1 |
0 |
|a Záhada Španielskeho hradu
|c Ruth Nultonová-Mooreová; [preložila Stanislava Mičudová]
|
| 250 |
|
|
|a 1. vyd.
|
| 260 |
|
|
|a Liptovský Mikuláš
|b Tranoscius
|c 2005
|
| 300 |
|
|
|a 85 s.
|c 20 cm
|
| 655 |
|
7 |
|a americké romány
|2 SNKPH
|9 1174
|
| 655 |
|
7 |
|a dobrodružné romány
|2 SNKPH
|9 70486
|
| 655 |
|
7 |
|a publikácie pre mládež
|2 SNKPH
|9 70434
|
| 919 |
|
|
|a 80-7140-256-7
|
| 968 |
|
|
|b ENG
|d 821
|
| 999 |
|
|
|c 565008
|d 566938
|
| 952 |
|
|
|a SNK
|b SNK
|y PREZ
|7 0
|p 17A0491767
|o snkSD 75271
|i snk2005/21035
|8 0
|0 0
|1 0
|4 0
|d 2005-12-12
|l 0
|r 2025-11-24 00:00:00
|w 2026-02-23
|
| 952 |
|
|
|a SNK
|b SNK
|y PREZ
|7 0
|p 17A0491823
|o snkSD 75271 D1
|i snk2005/21036
|8 0
|0 0
|1 0
|4 0
|d 2005-12-12
|f 1
|l 0
|r 2017-06-30 00:00:00
|w 2026-02-23
|